| 000 | 00904nam a2200313 4500 | ||
|---|---|---|---|
| 005 | 20250729122606.0 | ||
| 008 | 250402b2023 |||||||| |||| 00| 0 spa d | ||
| 020 | _a9798870119335 | ||
| 041 | _aESP | ||
| 082 | _a332.024 B389m | ||
| 100 | _aBecerro Rodríguez, Pedro | ||
| 245 | _aMejora tus finanzas personales: toma el control de tu dinero y gana encalidad de vida. | ||
| 260 | _aEspaña | ||
| 260 | _bIndependently published | ||
| 260 | _c2023 | ||
| 300 | _a208 páginas | ||
| 490 | _aDirección Y Administración de Empresas | ||
| 650 | _aFINANZAS PERSONALES | ||
| 650 | _aGESTIÓN DEL DINERO | ||
| 650 | _aLOS INGRESOS | ||
| 650 | _aLOS GASTOS | ||
| 650 | _aEL AHORRO | ||
| 650 | _aLAS DEUDAS | ||
| 650 | _aEVALUACIÓN DE LA SITUACIÓN FINANCIERA | ||
| 650 | _aLA INVERSIÓN | ||
| 650 | _aPLANIFICACIÓN FINANCIERA | ||
| 650 | _aINDEPENCIA FINANCIERA | ||
| 942 |
_2ddc _cBK |
||
| 999 |
_c13709 _d13709 |
||